South Africa Springboks Rugby - Highest Pointscorers - Statistics

General Stats
  • This quiz has been taken 200 times
    145 since last reset
  • The average score is 6 of 8
Answer Stats
Points Years Active Player % Correct
457 2014-2019 Handre Pollard
89%
736 2009-2016 Morne Steyn
89%
893 1997-2008 Percy Montgomery
83%
335 2004-2016 Bryan Habana
78%
312 1980-1992 Naas Botha
70%
240 1993-1996 Joel Stransky
61%
281 2012-2019 Elton Jantjies
56%
221 1999-2001 Braam Van Straaten
25%
No matching quizzes found
Score Distribution
Percent of People with Each Score
Percentile by Number Answered
Your Score History
You have not taken this quiz since the last reset